| 000 | 00399nam a22001577a 4500 | ||
|---|---|---|---|
| 003 | SGT | ||
| 020 | _a9789351527886 | ||
| 082 |
_a610.73 _bN15V |
||
| 100 | _aVATI, JOGENDRA | ||
| 245 | _aNURSING FOUNDATION : CONCEPTS & PERSPECTIVES FOR POST BASIC B SC. NURSING | ||
| 250 | _a1ST | ||
| 260 |
_aINDIA _bJAYPEE PUB _c2015 |
||
| 300 | _a350 | ||
| 650 | _aNURSING FOUNDATION | ||
| 942 |
_2ddc _cBK _013 |
||
| 999 |
_c21886 _d21886 |
||